000 00689nam a2200205Ii 4500
003 JO-AjNU
008 230605s9999||||xx |||||||||||||| ||und||
040 _aJO-AjNU
_bara
_erda
_cJO-AjNU
041 _aara
050 1 4 _aPJ7858.A24.A17 1983
100 3 _aتأليف قباني،نزار,
_eauthor
_919944
245 0 0 _aالأعمال السياسية الكاملة، الجزء الثالث
250 _aط3
264 3 1 _aبيروت:منشورات نزار قباني،1983
300 _a653ص
336 _atext
_btxt
_2rdacontent
337 _aunmediated
_bn
_2rdamedia
338 _avolume
_bnc
_2rdacarrier
650 4 _aالشعر العربي - الشعر السياسي
_919945
999 _aA6672
_c10240
_d10240